Focus on aluminium

Bibliographic Details
Main Author: Dineen, Jacqueline
Format: Book
Published: England : Wayland , 1988
Series:Focus on Resources series
Subjects:

MARC

LEADER 00000cam a2200000 7i4500
001 0000004479
002 000004823
005 20051006.0
020 |a 1852103191 
090 0 0 |a 333.7   |b FOC 
100 1 |a Dineen, Jacqueline 
245 1 0 |a Focus on aluminium   |c Jacqueline Dineen 
260 |a England :   |b Wayland ,   |c 1988 
300 |a 48 p. :   |b ill. ;   |c 22 cm. 
490 0 |a Focus on Resources series 
650 0 0 |a Aluminium   |x Juvenile literature 
999 |a 032803   |b BUKU   |c JUNIOR BOOKS   |e PERPUSTAKAAN KOMUNITI CAW KOTA DAMANSARA